EHRENREICH, Ľudovít lekár (19. 6. 1837 Bratislava - ?)

Bibliographic Details
Format: Article
Language:Slovak
Subjects:

MARC

LEADER 00000naa a2200000uu 4500
001 vtls011785046
003 SK-MaSNL
005 20260302100659.0
008 220808|1987 xo |||||||||||||||||slo|
015 |a SNBRA 
035 |a (urnnbn)urn:nbn:sk:snk:ar-a0cwij 
035 |a (uuid)c877451f-5f27-4e46-aa4f-4f8d0ed18ae8 
035 |a urn:nbn:sk:snk-aatl82 
040 |a SNKBUCL  |b slo  |c SNKBUCL  |e AACR2 
041 0 |a slo 
044 |a xo  |c SK 
245 0 0 |a EHRENREICH, Ľudovít  |b lekár (19. 6. 1837 Bratislava - ?) 
655 7 |a biografické heslá  |2 SNKPH  |9 368942 
773 0 |t Slovenský biografický slovník : (od roku 833 do roku 1990). II. zväzok, E-J  |d Martin : Matica slovenská, 1987  |g S. 9 
954 |a odborná, vedecká literatúra pôvodná (slovenská)  |2 lita 
958 |a BX 
958 |a OND 
958 |a chapter 
958 |a article25 
999 |c 1220708  |d 1222638